Sports Quiz

Random Sports or NFL Quiz

Big 4 'R' Team Blitz Quiz Stats

 Plays Quiz Updated Feb 8, 2016

Challenge
Share
Tweet
Embed
Score 0/14 Timer 01:30
7 Plays Today
League Team % Correct
MLBCincinnati Reds
92.1%
MLBBoston Red Sox
81.5%
MLBTexas Rangers
79.4%
NHLNew York Rangers
79.4%
NFLOakland Raiders
77.3%
NFLWashington Redskins
71.7%
NFLBaltimore Ravens
70%
League Team % Correct
NBAHouston Rockets
63.1%
MLBKansas City Royals
60.8%
NFLLos Angeles Rams
60.7%
NBAToronto Raptors
59.8%
MLBTampa Bay Rays
56.1%
MLBColorado Rockies
55.5%
NHLDetroit Red Wings
51.1%

You're not logged in!

Compare scores with friends on all Sporcle quizzes.
Join for Free
OR
Log In

You Might Also Like...

Show Comments

Extras

Top Quizzes Today


Score Distribution

Your Account Isn't Verified!

In order to create a playlist on Sporcle, you need to verify the email address you used during registration. Go to your Sporcle Settings to finish the process.

Report this User

Report this user for behavior that violates our Community Guidelines.

Details: